[Event "Cerrado Femenino"]
[Site "?"]
[Date "2012.02.10"]
[Round "1"]
[White "Perez, Eneida"]
[Black "Santos, Carol"]
[Result "1-0"]
[WhiteElo "2083"]
[BlackElo "1786"]
[PlyCount "73"]
[EventDate "2012.02.10"]
[EventType "tourn"]
[EventRounds "1"]
[SourceDate "2012.02.10"]

1. d4 g6 2. e3 Nf6 3. Nf3 Bg7 4. Be2 d6 5. b3 O-O 6. Bb2 Nbd7 7. O-O c5 8. c4
Ne4 9. Nbd2 Nxd2 10. Qxd2 f5 11. Rad1 b6 12. dxc5 bxc5 13. Qd5+ e6 14. Qxe6+
Kh8 15. Bxg7+ Kxg7 16. Qxd6 Qf6 17. Qxf6+ Nxf6 18. Ne5 Bb7 19. Nd7 Nxd7 20.
Rxd7+ Rf7 21. Rfd1 Raf8 22. f3 Bc6 23. Rxf7+ Rxf7 24. Rd6 Bb7 25. a3 Re7 26.
Kf2 a5 27. Rb6 Rc7 28. a4 Kf7 29. Bd3 Rd7 30. Ke2 Re7 31. Kd2 Ke8 32. Rb5 Rc7
33. Rxa5 Bc8 34. Kc3 Kd7 35. b4 cxb4+ 36. Kxb4 Rb7+ 37. Rb5 1-0

[Event "Cerrado Femenino"]
[Site "?"]
[Date "2012.02.10"]
[Round "1"]
[White "Diaz, Wilsaida"]
[Black "Hazim, Elizabeth"]
[Result "1-0"]
[WhiteElo "1695"]
[BlackElo "1828"]
[PlyCount "155"]
[EventDate "2012.02.10"]
[EventType "tourn"]
[EventRounds "1"]
[SourceDate "2012.02.10"]

1. d4 Nf6 2. Nf3 d6 3. c4 g6 4. Nc3 Bg7 5. e4 O-O 6. Be2 e5 7. d5 Nbd7 8. b4 a5
9. bxa5 Rxa5 10. Qc2 Nc5 11. Be3 Nfd7 12. Nd2 f5 13. f3 f4 14. Bf2 Rf7 15. Nb3
Nxb3 16. Qxb3 Nc5 17. Qb4 c6 18. O-O g5 19. Rfb1 Bf8 20. Qb6 Qxb6 21. Rxb6 Nd7
22. Rb2 c5 23. Be1 Nf6 24. Rab1 h5 25. Bd1 Ra8 26. a4 Ne8 27. a5 Rxa5 28. Na4
Ra7 29. Nb6 Bd7 30. Nxd7 Rxd7 31. Be2 Be7 32. g3 Nf6 33. gxf4 exf4 34. Bc3 Kf7
35. e5 dxe5 36. Bxe5 Ne8 37. Bb8 Ra3 38. Rxb7 Rxb7 39. Rxb7 Kf8 40. Ba7 Bd6 41.
Bb8 Be7 42. h4 g4 43. Bxf4 gxf3 44. Bh6+ Kf7 45. Bf1 Nd6 46. Rb2 Bxh4 47. Rh2
f2+ 48. Kh1 Nf5 49. Bf4 Bg3 50. Bxg3 Rxg3 51. Rxf2 Kg6 52. Kh2 Re3 53. Bh3 Nd6
54. Bf1 Rc3 55. Rd2 Re3 56. Rc2 Ra3 57. Be2 Kg5 58. Bf1 Rb3 59. Re2 Rf3 60. Kg2
Rf6 61. Re5+ Rf5 62. Re7 Rf8 63. Rc7 Ne4 64. Bd3 Rf2+ 65. Kg1 Rf4 66. Bxe4 Rxe4
67. Rxc5 Kf6 68. Rc6+ Kg5 69. c5 Kg4 70. Rg6+ Kf3 71. d6 Re1+ 72. Kh2 Rd1 73.
c6 Rd2+ 74. Kh3 Rd1 75. Rf6+ Ke4 76. c7 Rh1+ 77. Kg2 Rc1 78. d7 1-0

[Event "Cerrado Femenino"]
[Site "?"]
[Date "2012.02.10"]
[Round "1"]
[White "Adames, Ariela"]
[Black "Aybar, Omayra"]
[Result "1/2-1/2"]
[WhiteElo "1874"]
[BlackElo "1820"]
[PlyCount "88"]
[EventDate "2012.02.10"]
[EventType "tourn"]
[EventRounds "1"]
[SourceDate "2012.02.10"]

1. d4 Nf6 2. c4 e6 3. Nf3 Be7 4. Nc3 d6 5. e4 O-O 6. Bd3 Nbd7 7. Bf4 a6 8. h3
c5 9. e5 Ne8 10. exd6 Nxd6 11. dxc5 Nxc5 12. Bc2 Nxc4 13. Qb1 h6 14. O-O Qb6
15. Bc1 Bf6 16. Nd2 Ne5 17. Nb3 Nxb3 18. Bxb3 Bd7 19. Be3 Qb4 20. Ne4 Be7 21.
Rd1 Bc6 22. Rd4 Qa5 23. Nd6 Rad8 24. Nc4 Nxc4 25. Rxc4 Qh5 26. Bd1 Qd5 27. Rg4
Kh8 28. Bf3 Qd7 29. Rd4 Qc8 30. Rc4 Qd7 31. Bxc6 bxc6 32. Qe4 Qd5 33. Qc2 Rc8
34. Rc1 Qb5 35. b3 Ba3 36. Rd1 Rfd8 37. Rxd8+ Rxd8 38. Rxc6 Rd1+ 39. Qxd1 Qxc6
40. Qd4 Kg8 41. Qd8+ Kh7 42. Qd3+ Kg8 43. Qd8+ Kh7 44. Qd3+ Kg8 1/2-1/2

[Event "Cerrado Femenino"]
[Site "?"]
[Date "2012.02.11"]
[Round "2"]
[White "Santos, Carol"]
[Black "Pimentel, Rosaura"]
[Result "0-1"]
[WhiteElo "1786"]
[BlackElo "1749"]
[PlyCount "90"]
[EventDate "2012.02.10"]
[EventType "tourn"]
[EventRounds "1"]
[SourceDate "2012.02.10"]

1. d4 Nf6 2. c4 g6 3. Nc3 Bg7 4. Nf3 d6 5. e4 O-O 6. Bd3 Nbd7 7. O-O e5 8. d5
Nc5 9. b4 Nxd3 10. Qxd3 Nh5 11. g3 f5 12. Bg5 Nf6 13. Nh4 fxe4 14. Nxe4 Qe8 15.
Nxf6+ Bxf6 16. Bxf6 Rxf6 17. Qe3 Qf7 18. f3 Bh3 19. Rf2 Kg7 20. Ng2 Bd7 21. Rc1
a5 22. b5 h6 23. Rc3 g5 24. g4 Rh8 25. Ra3 b6 26. Rc3 Qe7 27. Rc1 Rg6 28. Kf1
h5 29. h3 hxg4 30. hxg4 Rh3 31. Ne1 Rgh6 32. Ke2 Rh1 33. Nd3 Rxc1 34. Qxc1 e4
35. fxe4 Qxe4+ 36. Qe3 Qxe3+ 37. Kxe3 Bxg4 38. Rg2 Rh3+ 39. Kd2 Rh4 40. Nf2 Bf5
41. Nd1 Kg6 42. Kc3 Rh3+ 43. Kd2 Rd3+ 44. Ke2 Ra3 45. Ke1 Bb1 0-1

[Event "Cerrado Femenino"]
[Site "?"]
[Date "2012.02.11"]
[Round "2"]
[White "Hazim, Elizabeth"]
[Black "Adames, Ariela"]
[Result "1-0"]
[WhiteElo "1828"]
[BlackElo "1874"]
[PlyCount "33"]
[EventDate "2012.02.10"]
[EventType "tourn"]
[EventRounds "1"]
[SourceDate "2012.02.10"]

1. e4 e6 2. d4 d5 3. Nd2 dxe4 4. Nxe4 Bd7 5. Nf3 Bc6 6. Bd3 Nd7 7. O-O Bxe4 8.
Bxe4 c6 9. Bf4 Ngf6 10. Bd3 Be7 11. Re1 O-O 12. c4 c5 13. d5 exd5 14. cxd5 Nxd5
15. Bxh7+ Kxh7 16. Qxd5 b6 17. Qe4+ 1-0

[Event "Cerrado Femenino"]
[Site "?"]
[Date "2012.02.11"]
[Round "2"]
[White "Perez, Eneida"]
[Black "Diaz, Wilsaida"]
[Result "1-0"]
[WhiteElo "2083"]
[BlackElo "1695"]
[PlyCount "117"]
[EventDate "2012.02.10"]
[EventType "tourn"]
[EventRounds "1"]
[SourceDate "2012.02.10"]

1. d4 Nf6 2. e3 d6 3. Nf3 g6 4. Be2 Bg7 5. O-O O-O 6. c4 Nbd7 7. Nc3 e5 8. Rb1
exd4 9. exd4 Nb6 10. Bd3 Re8 11. h3 Bd7 12. Be3 Nc8 13. Qd2 Ne7 14. Bg5 c6 15.
Qf4 Bf5 16. Bxf5 gxf5 17. Rfe1 Qd7 18. Nh4 d5 19. cxd5 cxd5 20. Bxf6 Bxf6 21.
Nf3 Ng6 22. Qd2 Qd6 23. Qd3 Qd7 24. Kf1 a6 25. Qc2 Rac8 26. Rxe8+ Rxe8 27. Qb3
Nf4 28. g3 Ne6 29. Nxd5 Bg7 30. Rc1 Rd8 31. Ne3 Nxd4 32. Nxd4 Qxd4 33. Rd1 Qf6
34. Rxd8+ Qxd8 35. Nxf5 Qc7 36. Nxg7 Kxg7 37. Qc3+ Qxc3 38. bxc3 Kf6 39. Ke2
Ke5 40. Kd3 b6 41. c4 Kd6 42. Kd4 Kc6 43. f4 Kd6 44. g4 Ke6 45. h4 h5 46. gxh5
Kf6 47. Ke4 Kg7 48. Kf5 Kh6 49. Kf6 Kxh5 50. f5 Kxh4 51. Kxf7 Kg4 52. f6 Kf5
53. Ke7 Ke5 54. f7 Kd4 55. f8=Q Kxc4 56. Qf1+ Kc5 57. Qxa6 b5 58. Qd6+ Kc4 59.
a3 1-0

[Event "Cerrado Femenino"]
[Site "?"]
[Date "2012.02.11"]
[Round "3"]
[White "Diaz, Wilsaida"]
[Black "Santos, Carol"]
[Result "1/2-1/2"]
[WhiteElo "1695"]
[BlackElo "1786"]
[PlyCount "89"]
[EventDate "2012.02.10"]
[EventType "tourn"]
[EventRounds "1"]
[SourceDate "2012.02.10"]

1. d4 g6 2. Nf3 Nf6 3. c4 Bg7 4. Nc3 d6 5. e4 O-O 6. h3 Nbd7 7. Be3 e5 8. d5 b6
9. g4 Nc5 10. Nd2 a5 11. Qc2 Bd7 12. Be2 Na6 13. a3 Nc5 14. b3 Ne8 15. h4 h6
16. Rb1 Qc8 17. g5 h5 18. b4 axb4 19. axb4 Nb7 20. Nb3 c5 21. dxc6 Qxc6 22. Nd5
Kh7 23. Nxb6 Rb8 24. Nxd7 Qxd7 25. c5 dxc5 26. Nxc5 Nxc5 27. Bxc5 Rg8 28. Rd1
Qb7 29. O-O Bf8 30. Bxf8 Rxf8 31. Qc5 Ng7 32. Qxe5 Rfe8 33. Qg3 Qxe4 34. Bf3
Qxb4 35. Rd7 Rf8 36. Qc7 Rbc8 37. Qa7 Qf4 38. Bg2 Qxh4 39. f4 Qg4 40. Rxf7 Rxf7
41. Qxf7 Rc2 42. Qb7 Qe2 43. Qf3 Qc4 44. Qe4 Qc5+ 45. Kh2 1/2-1/2

[Event "Cerrado Femenino"]
[Site "?"]
[Date "2012.02.11"]
[Round "3"]
[White "Adames, Ariela"]
[Black "Perez, Eneida"]
[Result "1/2-1/2"]
[WhiteElo "1874"]
[BlackElo "2083"]
[PlyCount "155"]
[EventDate "2012.02.10"]
[EventType "tourn"]
[EventRounds "1"]
[SourceDate "2012.02.10"]

1. d4 d5 2. c4 e6 3. Nc3 f5 4. Nf3 c6 5. cxd5 exd5 6. Bf4 Nf6 7. h3 Bd6 8. Bxd6
Qxd6 9. Ne5 Nbd7 10. f4 Nh5 11. Qd2 Ng3 12. Rg1 Nxe5 13. fxe5 Qg6 14. O-O-O O-O
15. e3 Be6 16. Bd3 Qh6 17. Kb1 f4 18. exf4 Qxf4 19. Qxf4 Rxf4 20. Ne2 Nxe2 21.
Bxe2 Raf8 22. g4 Rf2 23. Bd3 Rh2 24. Rh1 Rff2 25. Rxh2 Rxh2 26. Bf1 Kf7 27. Rd3
Rf2 28. Rd1 Ke7 29. Kc1 h6 30. Bd3 Rf3 31. Bf1 Bf7 32. Bg2 Rg3 33. Rd2 Bg6 34.
Kd1 Re3 35. Bf1 Ke6 36. Kc1 b6 37. Rf2 c5 38. Kd2 cxd4 39. Rf8 Kxe5 40. Ra8 Rf3
41. Be2 Rxh3 42. Rxa7 d3 43. Bd1 Rh2+ 44. Ke1 d2+ 45. Kf1 Be4 46. Rf7 g5 47.
Rf2 Bd3+ 48. Kg1 Rxf2 49. Kxf2 Kf4 50. a4 d4 51. b4 Bc4 52. a5 bxa5 53. bxa5 d3
54. Ba4 Ba6 55. Bd1 Bc8 56. Ba4 Ba6 57. Bb3 Bb5 58. Bd1 Ba6 59. Bb3 Bb7 60. Bd1
Bd5 61. a6 Bc6 62. a7 Bd5 63. Ba4 Bf3 64. Bb3 Bc6 65. Bd1 Bb7 66. Bb3 Bf3 67.
Bd1 Ba8 68. Bb3 Bf3 69. Bd1 Ba8 70. Bb3 Bh1 71. Bd1 Bc6 72. Bb3 Be4 73. Bd1 Ba8
74. Bb3 Bc6 75. Bd1 Bd5 76. Ba4 Ba8 77. Bd1 Bb7 78. Bb3 1/2-1/2

[Event "Cerrado Femenino"]
[Site "?"]
[Date "2012.02.11"]
[Round "3"]
[White "Pimentel, Rosaura"]
[Black "Aybar, Omayra"]
[Result "0-1"]
[WhiteElo "1749"]
[BlackElo "1820"]
[PlyCount "130"]
[EventDate "2012.02.10"]
[EventType "tourn"]
[EventRounds "1"]
[SourceDate "2012.02.10"]

1. e4 d6 2. d4 Nf6 3. Nc3 e6 4. Nf3 Be7 5. Bd3 O-O 6. O-O Nbd7 7. Re1 c5 8. Ne2
cxd4 9. Nexd4 Nc5 10. c3 Nxd3 11. Qxd3 Nd7 12. Be3 a6 13. Rad1 Nc5 14. Qc2 b5
15. Nc6 Qc7 16. Nxe7+ Qxe7 17. c4 Bb7 18. Bg5 f6 19. Bf4 e5 20. Bg3 Rfc8 21.
Nd2 Ne6 22. b3 d5 23. exd5 Bxd5 24. Rc1 Qb7 25. f3 Nd4 26. Qd3 Bf7 27. Bf2 Bg6
28. Ne4 Rd8 29. c5 Rac8 30. Qc3 Bxe4 31. fxe4 Nc6 32. Red1 Rd7 33. Rd2 Rcd8 34.
Rcd1 Qc7 35. Kf1 Kf7 36. Be3 Rxd2 37. Rxd2 Rxd2 38. Qxd2 Qd8 39. Qd5+ Qxd5 40.
exd5 Nb4 41. c6 Nxd5 42. Bc5 Ke6 43. Kf2 f5 44. g3 g6 45. Bf8 Nc7 46. Bc5 Kd5
47. Be3 Kxc6 48. Bg5 Kd5 49. Ke3 Ne6 50. Bh6 Nd4 51. Bg5 Nc2+ 52. Kf3 Nb4 53.
a3 Nc2 54. a4 Nd4+ 55. Ke3 Nxb3 56. axb5 axb5 57. Be7 Nd4 58. Bd8 b4 59. Ba5 b3
60. Bc3 Kc4 61. Bb2 Nc6 62. h3 e4 63. g4 Nb4 64. gxf5 gxf5 65. Kd2 Nd3 0-1

[Event "Cerrado Femenino"]
[Site "?"]
[Date "2012.02.12"]
[Round "4"]
[White "Santos, Carol"]
[Black "Aybar, Omayra"]
[Result "1/2-1/2"]
[WhiteElo "1786"]
[BlackElo "1820"]
[PlyCount "49"]
[EventDate "2012.02.10"]
[EventType "tourn"]
[EventRounds "1"]
[SourceDate "2012.02.10"]

1. d4 Nf6 2. c4 e6 3. Nc3 Be7 4. Nf3 d6 5. e4 O-O 6. Bd3 Nbd7 7. O-O c5 8. d5
e5 9. Ne1 a6 10. h3 Rb8 11. a4 Ne8 12. f4 exf4 13. Bxf4 Bg5 14. Bxg5 Qxg5 15.
Nf3 Qe7 16. Qd2 Ne5 17. Nxe5 Qxe5 18. Qe3 Nf6 19. Rad1 Bd7 20. Qf4 Rfe8 21.
Qxe5 Rxe5 22. Rde1 Rbe8 23. Re3 Rg5 24. Kh2 Rge5 25. b3 1/2-1/2

[Event "Cerrado Femenino"]
[Site "?"]
[Date "2012.02.12"]
[Round "4"]
[White "Hazim, Elizabeth"]
[Black "Pimentel, Rosaura"]
[Result "1-0"]
[WhiteElo "1828"]
[BlackElo "1749"]
[PlyCount "115"]
[EventDate "2012.02.10"]
[EventType "tourn"]
[EventRounds "1"]
[SourceDate "2012.02.10"]

1. e4 e6 2. d4 d5 3. Nd2 Nf6 4. e5 Nfd7 5. Bd3 c5 6. c3 Nc6 7. Ndf3 cxd4 8.
cxd4 f6 9. Bf4 Bb4+ 10. Kf1 fxe5 11. Nxe5 Ndxe5 12. Bxe5 Nxe5 13. dxe5 Qb6 14.
Qh5+ Kf8 15. Nf3 Bd7 16. g3 Be8 17. Qg5 Be7 18. Qf4+ Kg8 19. Qd2 Rc8 20. Kg2 g6
21. Rhc1 Bd7 22. Rxc8+ Bxc8 23. Rc1 Bd7 24. a3 Kg7 25. Bb1 Rf8 26. b4 Rc8 27.
Rxc8 Bxc8 28. Bc2 Bd7 29. h4 Qc7 30. h5 Qc4 31. hxg6 hxg6 32. Nd4 Qc8 33. Qd3
Qe8 34. f4 Qf7 35. Qc3 Bd8 36. a4 Qe8 37. b5 Bb6 38. Nf3 a6 39. a5 Bd8 40. b6
Bc6 41. Nd4 Kf7 42. Nxc6 Qxc6 43. Qxc6 bxc6 44. Bd3 c5 45. Bxa6 c4 46. Kf2 c3
47. Bd3 d4 48. Ke2 Ke7 49. b7 Bc7 50. Bxg6 Kd7 51. a6 Bb8 52. Kd3 Ba7 53. g4
Kc6 54. Be4+ Kb5 55. g5 Kxa6 56. g6 Kb5 57. g7 c2 58. Kxc2 1-0

[Event "Cerrado Femenino"]
[Site "?"]
[Date "2012.02.12"]
[Round "4"]
[White "Diaz, Wilsaida"]
[Black "Adames, Ariela"]
[Result "1/2-1/2"]
[WhiteElo "1695"]
[BlackElo "1874"]
[PlyCount "269"]
[EventDate "2012.02.10"]
[EventType "tourn"]
[EventRounds "1"]
[SourceDate "2012.02.10"]

1. d4 Nf6 2. Nf3 e6 3. g3 b6 4. Bg2 Bb7 5. O-O Be7 6. c4 O-O 7. Nc3 d5 8. cxd5
exd5 9. b3 Bb4 10. Bb2 Re8 11. a3 Bxc3 12. Bxc3 Ne4 13. Bb2 Nd7 14. Rc1 Rc8 15.
Bh3 c5 16. e3 f6 17. Nd2 Nxd2 18. Qxd2 c4 19. Qd1 b5 20. Bg2 Bc6 21. Re1 Nb6
22. Bc3 cxb3 23. Qxb3 Nc4 24. Ra1 a5 25. Bf1 Rb8 26. Bb2 Qd6 27. Qc2 Rbc8 28.
Reb1 a4 29. Bd3 h6 30. e4 Nxb2 31. Qxb2 dxe4 32. Bxb5 Bxb5 33. Qxb5 Qxd4 34.
Rd1 Qc4 35. Qb4 Qxb4 36. axb4 Ra8 37. Ra3 Re5 38. Rda1 Rb5 39. Rxa4 Rxa4 40.
Rxa4 Kf7 41. Kf1 Ke8 42. Ke2 f5 43. Kd2 h5 44. h4 Rd5+ 45. Ke2 Rd3 46. Ra7 g6
47. Ra6 Kf7 48. b5 Rb3 49. b6 Rb5 50. Ra7+ Kf6 51. b7 Ke6 52. Ke3 Kd6 53. Ra6+
Kc7 54. Rxg6 Kxb7 55. Rg5 Kc7 56. Rxh5 f4+ 57. Kxf4 Rxh5 58. Kxe4 Kd7 59. Kf4
Ke6 60. Kg4 Rb5 61. f4 Kf6 62. h5 Kg7 63. Kh4 Kh6 64. g4 Rb1 65. g5+ Kh7 66. f5
Rb4+ 67. Kg3 Rb1 68. f6 Rh1 69. g6+ Kh6 70. f7 Kg7 71. Kg4 Rf1 72. Kg5 Rg1+ 73.
Kf5 Rh1 74. Kg4 Rf1 75. Kg3 Kh6 76. Kg4 Rg1+ 77. Kf4 Rf1+ 78. Kg4 Rf6 79. Kg3
Rf5 80. Kg4 Rf1 81. Kh3 Rf5 82. Kg4 Rf1 83. Kg3 Kg7 84. Kg4 Ra1 85. Kg5 Ra5+
86. Kg4 Ra4+ 87. Kf5 Ra5+ 88. Kg4 Ra4+ 89. Kg5 Ra5+ 90. Kh4 Ra4+ 91. Kg3 Ra3+
92. Kf4 Ra1 93. h6+ Kxg6 94. f8=N+ Kxh6 95. Ne6 Kg6 96. Nd4 Rc1 97. Nf3 Rf1 98.
Ke4 Rh1 99. Ne5+ Kg5 100. Nf3+ Kg4 101. Ne5+ Kg3 102. Nd3 Rh4+ 103. Kd5 Rh8
104. Ne5 Ra8 105. Nc6 Kf4 106. Kd4 Ra1 107. Kd5 Rd1+ 108. Ke6 Ke4 109. Ne7 Rh1
110. Nf5 Ra1 111. Nd6+ Kd4 112. Nf5+ Ke4 113. Nd6+ Kd4 114. Nf5+ Kc5 115. Ke5
Re1+ 116. Kf4 Kd5 117. Ne3+ Ke6 118. Ke4 Ra1 119. Nc2 Ra4+ 120. Nd4+ Kd6 121.
Kd3 Kd5 122. Nc2 Rh4 123. Ne3+ Kc5 124. Nf5 Rf4 125. Ne3 Rd4+ 126. Ke2 Ra4 127.
Kd3 Ra3+ 128. Ke4 Ra4+ 129. Kd3 Rd4+ 130. Ke2 Re4 131. Kd3 Rh4 132. Nf5 Rf4
133. Ne3 Rf3 134. Ke4 Rxe3+ 135. Kxe3 1/2-1/2